000 00631nam a22002297a 4500
005 20170124110052.0
010 _aB-047149
020 _c50.00
035 _aB-047149
037 _bCen Lib/Ret
040 _aDPL
_bEN
082 _a657.45
_bVER
100 _aVerma, M.M.
_985917
245 _aPractical auditing /
_cby M.M. Verama [and] Agarwal
260 _aDelhi
_bKing Books
_c2001
270 _a1684, nai sarak
_bDelhi
_e110006
300 _avii, 223p.
_c21cm(Hb)
650 _aAuditing
_985918
650 _aBasic concepts
_96792
700 _aAgarwal
_925675
942 _2ddc
_cEN
_h657.45
_mVER
999 _c129188
_d129188